Capitale européenne aléatoire au le pays - Statistiques

Statistiques générales
  • Ce quiz a été pris 563 fois
  • Le résultat moyen est 9 sur 10
Statistiques - réponses
capitale pays % Correct
Dublin Irlande
100%
Rome Italie
100%
Kiev Ukraine
100%
Moscou Russie
97%
Helsinki Finlande
96%
Luxembourg Luxembourg
96%
Cité du Vatican Vatican
96%
Berlin Allemagne
95%
Paris France
95%
Berne Suisse
95%
Bruxelles Belgique
93%
Londres Royaume-Uni
93%
Saint-Marin Saint-Marin
93%
Vienne Autriche
92%
Monaco Monaco
92%
Stockholm Suède
92%
Andorre-la-Vieille Andorre
91%
Madrid Espagne
91%
Varsovie Pologne
90%
Athènes Grèce
89%
Reykjavík Islande
89%
Lisbonne Portugal
89%
Sofia Bulgarie
88%
Amsterdam Pays-Bas
88%
Sarajevo Bosnie- Herzégovine
86%
Copenhague Danemark
86%
Prague Tchèquie
86%
Oslo Norvège
84%
Budapest Hongrie
83%
Zagreb Croatie
82%
Riga Lettonie
80%
Tallinn Estonie
75%
Vaduz Liechtenstein
74%
La Valette Malte
73%
Bucarest Roumanie
72%
Tirana Albanie
71%
Ljubljana Slovénie
70%
Vilnius Lituanie
68%
Bratislava Slovaquie
68%
Belgrade Serbie
67%
Minsk Biélorussie
60%
Pristina Kosovo
57%
Podgorica Monténégro
56%
Skopje Macédoine
53%
Chișinău Moldavie
47%
Aucun quiz correspondant
Distribution des résultats
% des personnes avec chaque résultat
Percentile par nombre de réponses
Votre historique - résultats
Vous n’avez pas pris ce quiz